000 01500nam0a22002891 4500
001 v19\rc\1829490
005 20260406004119.0
035 _a(NLR Aleph) 005257258
090 _a5864810
_c5864810
100 _a20071224e19081908|||y0rusy50 ca
101 0 _arus
102 _aRU
105 _ay z |||||
200 1 _aПатолого-анатомические изменения в центральной и периферической нервной системе при отравлении табачным дымом
_e(Предвар. сообщ.)
_fС.Д. Владычко
_gИз лаб. клиники нерв. болезней проф. М.Н. Лапинского в Киеве
210 _aСанкт-Петербург
_cтип. журн. "Практ. медицина", (В.С. Эттингер)
_d1908
215 _a7 с.
_d21
311 _aОтт. из "Врачеб. газ." № 32, 1908 г.
488 0 _12001#$aВрачебная газета$v1908, № 32
_tВрачебная газета
700 1 _8rus
_7ca
_aВладычко
_bС. Д.
_f1878-
_gСтанислав Доминикович
_3RU\NLR\AUTH\77112783
_995708
702 1 _4570
_8rus
_7ca
_aЛапинский
_bМ. Н.
_f1862-1947
_gМихаил Никитович
_3RU\NLR\AUTH\77113637
_996562
801 0 _aRU
_bNLR
_c20071224
_gpsbo
801 0 _aRU
_bRuMoRGB
_c20071224
_2psbo
801 1 _aRU
_bProSoft-M
_c20071224
_2rusmarc
801 2 _aRU
_bNLR
_c20120709
_2rusmarc
852 _aNLR
_j67-4/7154
942 _cBOOK
980 _aNB